Más allá del bien y del mal /
En Más allá del bien y del mal Nietzsche persigue dos objetivos: destruir los principios filosóficos y morales en que se asienta la cultura occidental, y definir una nueva cultura con una nueva jerarquía de valores. Por su parte, en Genealogía de la moral encuentra en el resentimiento el punto de pa...
Salvato in:
| Autore principale: | |
|---|---|
| Altri autori: | , |
| Natura: | Libro |
| Lingua: | spagnolo |
| Pubblicazione: |
México :
Porrúa,
1987, c1987
|
| Edizione: | 2a edición |
| Serie: | (Sepan Cuántos ;
430) |
| Soggetti: | |
| Tags: |
Nessun Tag, puoi essere il primo ad aggiungerne!!
|
MARC
| LEADER | 00000nam^a2200000^a^4500 | ||
|---|---|---|---|
| 001 | 000258248 | ||
| 005 | 20250521000000.0 | ||
| 005 | 20250521000000.0 | ||
| 009 | 20260310110319.942 | ||
| 020 | |a 968-432-927-X | ||
| 037 | |a Acervo Xavier Clavigero | ||
| 041 | |a ESP | ||
| 082 | |a 082. |b POR V. 430 | ||
| 100 | |a Nietzsche, Friedrich |e (autor) | ||
| 240 | 1 | 1 | |a [Más allá del bien y del mal] |
| 240 | 1 | 1 | |a [Genealogía de la moral] |
| 245 | 1 | 0 | |a Más allá del bien y del mal / |c F. Nietzsche ; pról. de J. Fischl ; tr. por E. Ovejero y Maury. |
| 250 | |a 2a edición | ||
| 264 | 4 | |a México : |b Porrúa, |c 1987, c1987 | |
| 300 | |a XVII, 231 p. | ||
| 336 | |a texto |b txt |2 rdacontenido | ||
| 337 | |a sin mediación |b n |2 rdamedio | ||
| 338 | |a volumen |b nc |2 rdasoporte | ||
| 440 | 1 | |a (Sepan Cuántos ; |v 430) | |
| 500 | |a Traducción de: Jenseits von Gut und Böse: Vorspiel einer Philosophie der Zukunft; Zur Genealogie der Moral: Eine Streitschrift | ||
| 520 | |a En Más allá del bien y del mal Nietzsche persigue dos objetivos: destruir los principios filosóficos y morales en que se asienta la cultura occidental, y definir una nueva cultura con una nueva jerarquía de valores. Por su parte, en Genealogía de la moral encuentra en el resentimiento el punto de partida del ascetismo, mismo que da a los débiles y a los impotentes la superioridad sobre los fuertes. | ||
| 649 | |a XX | ||
| 650 | |a Valores | ||
| 650 | |a Vitalismo | ||
| 650 | |a Etica - |x Tema Principal | ||
| 650 | |a Filosofía Alemana | ||
| 650 | |a Nihilismo - |x Tema Principal | ||
| 650 | |a Bien y Mal | ||
| 650 | |a Filosofía del Siglo XIX | ||
| 650 | |a Irracionalismo | ||
| 650 | |a Axiología | ||
| 650 | |a Religión - |x Filosofía | ||
| 650 | |a Cultura - |z Occidente | ||
| 740 | 0 | |a Genealogía de la moral / |c F. Nietzsche ; pról. de J. Fischl ; tr. por E. Ovejero y Maury. | |
| 700 | |a Fischl, Johann |e (prólogo) | ||
| 700 | |a Ovejero y Maury, Eduardo |e (traducción) | ||
| 910 | |a Fondo General | ||
| 920 | |a Impresos - Libros | ||
| 930 | |a Colección General | ||
| 940 | |a Literatura | ||
| 905 | |a 101 | ||
| 901 | |a 071949 |b IT1 |c LIT |u 20250521 | ||
| 902 | |a https://opac.biblio.iteso.mx/vufind/Record/000258248 | ||